[Event "Estonian-ch Women 2020"]
[Site "Paul Kerese Malemaja"]
[Date "2020.08.16"]
[Round "9.2"]
[White "Bashkite, Viktoria"]
[Black "Ivanova, Lidia"]
[Result "1-0"]
[WhiteElo "2186"]
[BlackElo "1430"]
[Annotator "TA"]
[PlyCount "79"]
[EventDate "2020.08.09"]
[EventCountry "EST"]
[SourceTitle "playchess.com"]
[Source "ChessBase"]
[SourceQuality "1"]

{[%evp 18,79,19,11,115,51,75,63,67,72,79,0,93,84,87,57,83,0,8,6,21,0,112,91,170,177,178,114,104,113,127,123,157,154,191,195,245,233,248,247,254,187,289,187,309,323,322,309,290,249,338,335,866,811,29980,29981,29987,29988,29994,29995,29996,29997,29997,29998]} 1. c4 c6 2. e4 d5 3. cxd5 cxd5 4. exd5 Nf6 5. Qa4+ Nbd7 6. Nc3 g6 7. Bc4 Bg7 8. d3 O-O 9. Nf3 Nb6 10. Qb3 Nbd7 {[#] B10: Caro-Kann: 2 d3 and 2 c4.} (10... Bg4 $11 {keeps the balance.}) 11. h3 $146 ({White should play} 11. O-O $16) ({Predecessor:} 11. O-O Nc5 12. Qa3 b6 13. Be3 Nfd7 14. Rfe1 Re8 15. Rac1 Bf8 16. b4 Nb7 17. Qb3 Nd6 18. a4 {0-1 (35) Sanchez,S (2394)-Cadena Montoya,G (2191) Quibdo 2015}) 11... b6 12. Be3 Bb7 {White is slightly better.} 13. O-O Rc8 14. Qa3 (14. d4 $16) 14... Ra8 (14... a6 $1 $11 {remains equal.}) 15. Rfe1 $16 a6 16. Bd4 Re8 17. Ne5 (17. Qb4 $16) 17... Nxe5 $11 18. Bxe5 b5 19. Bb3 $36 {[%mdl 2048] White has good play.} Qb6 (19... Nxd5 $11 20. Bxg7 Kxg7 21. Bxd5 Bxd5) 20. Qb4 $16 Qd8 (20... Rad8 $16 {was necessary.}) 21. Qd4 $18 Nh5 22. Bxg7 (22. Ne4 $18) 22... Nxg7 $16 23. Qf4 Nf5 24. Re5 Nd6 25. Rae1 {[%cal Ba1e1,Be1e4,Be4h4][%mdl 32]} a5 26. a4 b4 {[#]} 27. Ne4 $1 Nxe4 28. R1xe4 ({Weaker is} 28. dxe4 Qd6 $16) 28... Rc8 29. Kh2 Kg7 (29... Qd6 $142 30. Qh6 Rc7) 30. Qe3 {And now Rh4 would win.} Rc7 (30... Qd6 $142) 31. Rh4 $18 {Threatening mate with Qh6+.} Rh8 32. Qh6+ Kg8 33. g3 Rd7 {[%cal Rb7d5]} 34. Rhe4 Qf8 $2 (34... Qb6 35. Kg1 Qd6) 35. Qe3 Qa8 36. Rxe7 {White mates.} Rxe7 37. Rxe7 Kg7 38. Qe5+ Kh6 39. Qf4+ {[%mdl 64] [#] Double Attack} g5 40. Qf6+ {Accuracy: White = 67%, Black = 44%.} 1-0

[Event "Estonian-ch Women 2020"]
[Site "Paul Kerese Malemaja"]
[Date "2020.08.16"]
[Round "9.3"]
[White "Tonso, Liina"]
[Black "Olde, Margareth"]
[Result "0-1"]
[WhiteElo "1862"]
[BlackElo "2201"]
[Annotator "TA"]
[PlyCount "124"]
[EventDate "2020.08.09"]
[EventCountry "EST"]
[SourceTitle "playchess.com"]
[Source "ChessBase"]
[SourceQuality "1"]

{[%evp 11,124,15,16,6,9,6,12,2,8,6,8,3,14,8,26,5,6,10,44,0,0,-13,16,18,31,0,2,-27,0,-20,-16,-21,-22,-24,0,-12,0,0,0,-86,-83,-82,-86,-135,-134,-134,-134,-134,-128,-124,-135,-127,-125,-119,-118,-115,-123,-161,-123,-118,-111,-119,-113,-193,-113,-149,-124,-160,-114,-181,-102,-95,-91,-87,-94,-172,-60,-68,-61,-97,-85,-104,-104,-108,-104,-104,-104,-104,-104,-104,-104,-104,-104,-104,-104,-135,-100,-344,-142,-152,-150,-149,-149,-271,-271,-1353,-1353,-1353,-824,-1353,-435,-1450,-1348,-729,-626]} 1. d4 Nf6 2. c4 e6 3. Nf3 b6 4. a3 Ba6 5. e3 d5 6. Nbd2 Be7 7. Bd3 {E12: Queen's Indian: Unusual White 4th moves, 4 a3, 4 Nc3 Bb7 5 a3 and 4 Nc3 Bb7 .} O-O 8. O-O c5 9. b3 {The position is equal.} Nbd7 10. Bb2 Rc8 11. Qe2 Bb7 12. Rfd1 Qc7 13. Rac1 Qb8 14. Ne5 Rfd8 {[#]} 15. Ndf3 $146 ({Predecessor:} 15. cxd5 Bxd5 16. Nxd7 Nxd7 17. dxc5 Rxc5 18. Nc4 Bf6 19. e4 Bxc4 20. Bxc4 Bxb2 21. Qxb2 Ne5 22. Be2 Rxc1 23. Rxc1 Ng6 24. g3 Rc8 {1-0 (24) Inarkiev,E (2680)-Pajeken,W (2312) Wroclaw 2014}) 15... h6 16. Nxd7 Rxd7 (16... Nxd7 {seems wilder.} 17. cxd5 Bxd5 18. Bc4 Bxf3 19. Qxf3 cxd4 20. exd4 Nf6) 17. Ne5 Rdd8 18. cxd5 Bxd5 19. Bc4 Bxc4 20. bxc4 Qb7 21. Rd3 Qe4 22. f3 Qh4 23. a4 cxd4 24. exd4 Qg5 25. Qe3 (25. g3 $11) 25... Qxe3+ $17 26. Rxe3 Nd7 {White must now prevent ...Bg5.} 27. f4 Nxe5 28. Rxe5 Bf6 29. Re4 Rc6 30. a5 Rdc8 31. axb6 axb6 32. Re2 Rxc4 33. Rxc4 Rxc4 {[%mdl 4096] Endgame KRB-KRB} 34. Rd2 Be7 35. Kf2 b5 36. Ke3 Kf8 37. d5 {[#]} (37. Kd3 $17 {was called for.}) 37... Bb4 (37... Rxf4 $1 $19 {[%mdl 512] And now ...Bg5 would win.} 38. Kxf4 Bg5+ {[%mdl 64] Skewer} 39. Ke5 Bxd2 40. dxe6 fxe6 41. Kxe6 b4) 38. Rd3 Rc2 39. Be5 f6 40. Bb8 (40. Rb3 $17) 40... exd5 ({Don't play} 40... Rxg2 41. dxe6 Rxh2 42. Rd5 $15) (40... Bc5+ $19 41. Ke4 Rc4+ 42. Kf3 Ke7 43. dxe6 Kxe6) 41. Rxd5 Rxg2 42. Rxb5 Bd2+ 43. Ke4 (43. Kd3 $17 {was necessary.}) 43... Be1 (43... Rxh2 $19 44. Rb2 Rf2 45. Bd6+ Kg8) 44. f5 Kg8 45. Rb7 h5 46. Bf4 Ra2 47. Rc7 Bf2 48. Rc3 Ra4+ 49. Kf3 Bh4 50. Rb3 Bg5 51. Bd6 Rd4 52. Bc7 Kh7 53. Rb8 Rd7 54. Rc8 $2 {This move loses the game for White.} (54. Bg3 $17) 54... Re7 (54... Rd3+ $19 55. Ke4 Rc3) 55. Bf4 Bxf4 56. Kxf4 {KR-KR} Re2 57. h4 (57. Kg3 $17 {might work better.}) 57... Rf2+ $19 58. Kg3 $2 (58. Ke4) 58... Rxf5 {Black is clearly winning.} 59. Rb8 Ra5 60. Rb4 Ra3+ 61. Kf4 (61. Kg2 $142 Kg6 62. Rc4) 61... Kg6 62. Ke4 Rg3 {Accuracy: White = 52%, Black = 72%.} 0-1

[Event "Estonian-ch Women 2020"]
[Site "Paul Kerese Malemaja"]
[Date "2020.08.16"]
[Round "9.4"]
[White "Narva, Mai"]
[Black "Blokhin, Sofia"]
[Result "1-0"]
[WhiteElo "2333"]
[BlackElo "1786"]
[Annotator "ChessBase"]
[PlyCount "47"]
[EventDate "2020.08.09"]
[EventCountry "EST"]
[SourceTitle "playchess.com"]
[Source "ChessBase"]
[SourceQuality "1"]
[TimeControl "40/5400+30:900+30"]

1. e4 {[%emt 0:00:00]} c5 {[%emt 0:00:00]} 2. Nf3 {[%emt 0:00:00]} e6 {[%emt 0:00:00]} 3. d4 {[%emt 0:00:00]} cxd4 {[%emt 0:00:00]} 4. Nxd4 {[%emt 0:00:00]} a6 {[%emt 0:00:06]} 5. Nc3 {[%emt 0:00:20]} Qc7 {[%emt 0:00:29]} 6. Bd3 {[%emt 0:00:22]} Nf6 {[%emt 0:00:42]} 7. Qe2 {[%emt 0:00:22]} d6 {[%emt 0:00:46]} 8. f4 {[%emt 0:00:22]} Nbd7 {[%emt 0:02:41]} 9. g4 {[%emt 0:00:26]} Nc5 {[%emt 0:02:50]} 10. g5 {[%emt 0:00:30]} Nfd7 {[%emt 0:02:05]} 11. Bd2 {[%emt 0:00:35]} b5 {[%emt 0:04:46]} 12. b4 {[%emt 0:03:10]} Nxd3+ {[%emt 0:03:43]} 13. cxd3 {[%emt 0:00:09]} Bb7 {[%emt 0:01:48]} 14. O-O {[%emt 0:05:18]} Be7 {[%emt 0:06:20]} 15. Rac1 {[%emt 0:07:02]} Qb8 {[%emt 0:04:10]} 16. Qg4 {[%emt 0:16:06]} O-O {[%emt 0:04:34]} 17. Rf3 {[%emt 0:14:03]} Rd8 {[%emt 0:07:23]} 18. Nxe6 {[%emt 0:07:56]} Ne5 {[%emt 0:14:43]} 19. fxe5 {[%emt 0:00:49]} Bc8 {[%emt 0:00:09]} 20. Rxf7 {[%emt 0:05:01]} Kxf7 {[%emt 0:02:36]} 21. Nxd8+ {[%emt 0:00:26]} Bxd8 {[%emt 0:00:24]} 22. Qh5+ {[%emt 0:00:21]} Ke6 {[%emt 0:01:41]} 23. Qe8+ {[%emt 0:01:07]} Be7 {[%emt 0:00:10]} 24. Nd5 {[%emt 0:01:34]} 1-0